000 00698nam a2200193 i 4500
001 171507
003 ES-MaACL
005 20250811062536.0
008 090519s1983 sp |||| | spa d
080 _a351.85(460)"1982/96"
100 1 _aSolana, Javier,
_d1942-
_9107068
245 1 0 _aInforme ante la Comisión de Educación y Cultura del Congreso de los Diputados
_b: 25 febrero 1983 /
_cJavier Solana Madariaga.
260 _a[Madrid] :
_bMinisterio de Cultura,
_c[1983]
300 _a41 p. ;
_c22 cm.
651 4 _aEspaña-
_xPolítica cultural-
_y1982-1996.
_98402
710 1 _aEspaña.
_bMinisterio de Cultura
_93850
852 _aES-MaACL
_j2123-F-26
999 _c171507
_d171507